000
00284nam a2200121Ia 4500
008
140130s9999 xx 000 0 und d
245
_c
Bill Walace
_a
A Dog Called kitty
260
_b
Scholastic,
_c
1980
440
_v
1
521
_a
Grade 3 - Grade 5
942
_c
BK
999
_c
41018
_d
41018